[Event "Ruhrgebiet Verbandsbezirksliga Gr 1"]
[Site "Ruhrgebiet"]
[Date "2019.01.27"]
[Round "5.4"]
[White "Ittner, Ralf"]
[Black "Riemer, Dominik"]
[Result "1/2-1/2"]
[WhiteElo "1693"]
[BlackElo "1721"]
[PlyCount "49"]
[EventDate "2018.09.30"]
[EventType "team-tourn"]
[EventRounds "9"]
[EventCountry "GER"]
[SourceTitle "EXT 2022"]
[Source "ChessBase"]
[SourceDate "2021.10.06"]
[SourceVersion "1"]
[SourceVersionDate "2021.10.06"]
[SourceQuality "1"]
[WhiteTeam "Hamm Koenigsspringer II"]
[BlackTeam "Kamen SV III"]
[WhiteTeamCountry "GER"]
[BlackTeamCountry "GER"]

1. d4 Nf6 2. Nf3 g6 3. c4 Bg7 4. Nc3 0-0 5. g3 d6 6. Bg2 Nbd7 7. 0-0 e5 8. e3 Ne8 9. Qb3 Kh8 10. dxe5 Nxe5 11. Nxe5 Bxe5 12. Bd2 Rb8 13. Qc2 Be6 14. b3 Bg7 15. Rac1 Nf6 16. Ne2 Re8 17. Bc3 Bf5 18. Qb2 Bd3 19. Rfd1 Bxe2 20. Qxe2 Nd7 21. Bd5 Bxc3 22. Rxc3 Qf6 23. Rc2 Re7 24. Rd4 g5 25. Qf3 1/2-1/2

[Event "Ruhrgebiet Verbandsbezirksliga Gr 1"]
[Site "Ruhrgebiet"]
[Date "2018.09.30"]
[Round "1.4"]
[White "Schuetz, Ralf"]
[Black "Riemer, Dominik"]
[Result "1-0"]
[WhiteElo "1786"]
[BlackElo "1721"]
[PlyCount "65"]
[EventDate "2018.09.30"]
[EventType "team-tourn"]
[EventRounds "9"]
[EventCountry "GER"]
[SourceTitle "EXT 2022"]
[Source "ChessBase"]
[SourceDate "2021.10.06"]
[SourceVersion "1"]
[SourceVersionDate "2021.10.06"]
[SourceQuality "1"]
[WhiteTeam "Boenen SV II"]
[BlackTeam "Kamen SV III"]
[WhiteTeamCountry "GER"]
[BlackTeamCountry "GER"]

1. Nf3 d5 2. c4 Nf6 3. cxd5 Nxd5 4. Nc3 g6 5. e4 Nb4 6. d4 Bg4 7. Qa4+ N4c6 8. d5 Bxf3 9. gxf3 a6 10. dxc6 Nxc6 11. Qd1 Qc8 12. Be3 e6 13. Bg2 Bd6 14. f4 f6 15. 0-0 Kf7 16. e5 Be7 17. Qe2 h5 18. exf6 Bxf6 19. Ne4 Qd8 20. Rad1 Qe7 21. Bc5 Qe8 22. Ng5+ Kg7 23. Nxe6+ Kh6 24. Qd2 Rh7 25. Bf8+ Rg7 26. f5+ Kh7 27. Bxg7 Bxg7 28. Bxc6 bxc6 29. Rfe1 Qg8 30. fxg6+ Kh8 31. Qg5 Qe8 32. Qxh5+ Kg8 33. Qh7# 1-0

[Event "Ruhrgebiet Bezirksliga 17/18"]
[Site "Ruhrgebiet"]
[Date "2017.11.19"]
[Round "4.6"]
[White "Rudlof, Juergen"]
[Black "Riemer, Dominik"]
[Result "0-1"]
[WhiteElo "1654"]
[BlackElo "1665"]
[PlyCount "64"]
[EventDate "2017.09.03"]
[EventType "team-tourn"]
[EventRounds "9"]
[EventCountry "GER"]
[SourceTitle "EXT 2022"]
[Source "ChessBase"]
[SourceDate "2021.10.06"]
[SourceVersion "1"]
[SourceVersionDate "2021.10.06"]
[SourceQuality "1"]
[WhiteTeam "Boenen SV II"]
[BlackTeam "Kamen SV III"]
[WhiteTeamCountry "GER"]
[BlackTeamCountry "GER"]

1. e4 c5 2. d4 cxd4 3. c3 d3 4. Bxd3 Nc6 5. Nf3 d6 6. h3 Nf6 7. 0-0 g6 8. Be3 Bg7 9. Na3 0-0 10. Nc2 Nd7 11. Ncd4 Nce5 12. Nxe5 Nxe5 13. Bc2 Bd7 14. Qe2 a6 15. f4 Nc6 16. Rad1 Rc8 17. f5 Nxd4 18. Bxd4 Bxd4+ 19. Rxd4 Qb6 20. Bb3 Bb5 21. Qg4 Bxf1 22. Kxf1 Kg7 23. h4 h5 24. Qg5 Qb5+ 25. Ke1 Qe5 26. Kd1 b5 27. Bd5 a5 28. Rd3 Qf6 29. Qf4 e6 30. Bb3 exf5 31. Rxd6 Qxd6+ 32. Qxd6 Rfd8 0-1

[Event "Ruhrgebiet Bezirksliga 17/18"]
[Site "Ruhrgebiet"]
[Date "2017.09.03"]
[Round "1.6"]
[White "Riemer, Dominik"]
[Black "Knoepper, Werner"]
[Result "1-0"]
[WhiteElo "1665"]
[BlackElo "1530"]
[PlyCount "36"]
[EventDate "2017.09.03"]
[EventType "team-tourn"]
[EventRounds "9"]
[EventCountry "GER"]
[SourceTitle "EXT 2022"]
[Source "ChessBase"]
[SourceDate "2021.10.06"]
[SourceVersion "1"]
[SourceVersionDate "2021.10.06"]
[SourceQuality "1"]
[WhiteTeam "Kamen SV III"]
[BlackTeam "Kamen SV IV"]
[WhiteTeamCountry "GER"]
[BlackTeamCountry "GER"]

1. b4 a6 2. Nf3 Nc6 3. a3 d5 4. e3 e5 5. Bb2 Bg4 6. Be2 Bxf3 7. Bxf3 e4 8. Be2 Nf6 9. 0-0 Bd6 10. f4 Qe7 11. c4 dxc4 12. Bxc4 b5 13. Be2 0-0-0 14. a4 Nxb4 15. axb5 axb5 16. Bxb5 c6 17. Qa4 Qb7 18. Rc1 Qxb5 1-0

[Event "Ruhrgebiet Bezirksliga 16/17"]
[Site "Ruhrgebiet"]
[Date "2016.08.28"]
[Round "1.4"]
[White "Atasoy, Tarik"]
[Black "Riemer, Dominik"]
[Result "0-1"]
[WhiteElo "1720"]
[BlackElo "1643"]
[PlyCount "52"]
[EventDate "2016.08.28"]
[EventType "team-tourn"]
[EventRounds "11"]
[EventCountry "GER"]
[SourceTitle "EXT 2022"]
[Source "ChessBase"]
[SourceDate "2021.10.06"]
[SourceVersion "1"]
[SourceVersionDate "2021.10.06"]
[SourceQuality "1"]
[WhiteTeam "Luenen Horstmar SC"]
[BlackTeam "Kamen SV III"]
[WhiteTeamCountry "GER"]
[BlackTeamCountry "GER"]

1. e4 c5 2. Nf3 Nc6 3. d4 cxd4 4. Nxd4 e5 5. Nb5 d6 6. c4 f5 7. N1c3 a6 8. Na3 Nf6 9. Bg5 Be7 10. Bxf6 Bxf6 11. Bd3 f4 12. 0-0 0-0 13. Nc2 Bh4 14. Be2 Rf6 15. Bf3 Rh6 16. Qe2 Qg5 17. g3 Nd4 18. Nxd4 exd4 19. Nd5 Bh3 20. Bg2 Bxg2 21. Kxg2 Rf8 22. Kh1 f3 23. Qd1 Bxg3 24. fxg3 Qxg3 25. Qd2 f2 26. Qxh6 Qf3# 0-1

[Event "Ruhrgebiet Bezirksliga 15/16"]
[Site "Ruhrgebiet"]
[Date "2016.02.28"]
[Round "8.5"]
[White "Riemer, Dominik"]
[Black "Reininghaus, Dennis"]
[Result "1-0"]
[WhiteElo "1554"]
[BlackElo "1765"]
[PlyCount "69"]
[EventDate "2015.08.30"]
[EventType "team-tourn"]
[EventRounds "9"]
[EventCountry "GER"]
[SourceTitle "EXT 2022"]
[Source "ChessBase"]
[SourceDate "2021.10.06"]
[SourceVersion "1"]
[SourceVersionDate "2021.10.06"]
[SourceQuality "1"]
[WhiteTeam "Kamen SV IV"]
[BlackTeam "Unna SV"]
[WhiteTeamCountry "GER"]
[BlackTeamCountry "GER"]

1. Nf3 e6 2. b3 Nf6 3. Bb2 Be7 4. e3 d6 5. c4 0-0 6. Qc2 Nbd7 7. Be2 Ne8 8. h4 f5 9. h5 e5 10. d3 Bf6 11. Nbd2 c6 12. 0-0-0 Nc7 13. Rdg1 Nc5 14. b4 N5e6 15. Ne1 a5 16. bxa5 Rxa5 17. a3 Bd7 18. g4 f4 19. Ne4 Be7 20. Nf3 fxe3 21. fxe3 Ng5 22. Nexg5 Bxg5 23. Qd2 Na6 24. Nxg5 Nc5 25. Kc2 Rf2 26. Nh3 Rxe2 27. Qxe2 Qb6 28. Rb1 Qb3+ 29. Kd2 Bxg4 30. Bc3 Qa2+ 31. Rb2 Rxa3 32. Qxg4 Nb3+ 33. Kc2 Na1+ 34. Rxa1 Qxa1 35. Qc8+ 1-0